GETS Theological Seminary Library

Understanding Church Leadership (Record no. 26953)

MARC details
000 -LEADER
fixed length control field 00520nam a2200181Ia 4500
008 - FIXED-LENGTH DATA ELEMENTS--GENERAL INFORMATION
fixed length control field 200901s9999||||xx |||||||||||||| ||und||
020 ## - INTERNATIONAL STANDARD BOOK NUMBER
International Standard Book Number 9781433688928
041 ## - LANGUAGE CODE
Language code of text/sound track or separate title eng
050 ## - LIBRARY OF CONGRESS CALL NUMBER
Classification number BV652.1
Item number .D48 2016
100 ## - MAIN ENTRY--PERSONAL NAME
Personal name Dever, Mark
245 #0 - TITLE STATEMENT
Title Understanding Church Leadership
Remainder of title /
Statement of responsibility, etc. Mark Dever; Jonathan Leeman
260 ## - PUBLICATION, DISTRIBUTION, ETC.
Place of publication, distribution, etc. Nashville :
Name of publisher, distributor, etc. B & H Publishing Group,
Date of publication, distribution, etc. 2016
300 ## - PHYSICAL DESCRIPTION
Extent 66 p.
Other physical details ;
Dimensions 18 cm.
490 ## - SERIES STATEMENT
Series statement Church Basics
650 ## - SUBJECT ADDED ENTRY--TOPICAL TERM
Topical term or geographic name entry element Christian leadership.
700 ## - ADDED ENTRY--PERSONAL NAME
Personal name Leeman, Jonathan
Holdings
Withdrawn status Lost status Damaged status Not for loan Home library Current library Shelving location Date acquired Total Checkouts Full call number Barcode Date last seen Price effective from Koha item type
        GETS Theological Seminary Library GETS Theological Seminary Library General Stacks 09/01/2020   BV652.1 .D48 2016 00014135 09/01/2020 09/01/2020 English Books
OpacCredits

Contact the Librarian, GETS Library
Email: library@mygets.org









Implemented by GETS Library
(Powered by ETCA Professional Group)
GETS Theological Seminary
412 E. Rowland Street, CA 91723